Music Quiz

Random Music Quiz

UK Top Ten Singles of 2016 Quiz Stats

 Plays Quiz not verified by Sporcle

Challenge
Share
Tweet
Embed
Score 0/68 Timer 10:00
0 Plays Today
Artist Song Title % Correct
Lukas Graham7 Years
89.2%
Rihanna (feat. Drake)Work
83.8%
Drake (feat. Wizkid & Kyla)One Dance
83.8%
Sia (feat. Sean Paul)Cheap Thrills
81.1%
DNCECake By The Ocean
81.1%
The Chainsmokers (feat. Halsey)Closer
78.4%
Clean Bandit (feat. Sean Paul & Anne-Marie)Rockabye
78.4%
Justin BieberLove Yourself
75.7%
Major Lazer (feat. Justin Bieber & MØ)Cold Water
75.7%
Shawn MendesStitches
73%
ZaynPillowtalk
73%
Mike PosnerI Took A Pill In Ibiza
73%
Fifth Harmony (feat. Ty Dolla $ign)Work From Home
73%
Calum ScottDancing On My Own
73%
Jonas Blue (feat. Dakota)Fast Car
70.3%
Zara LarssonLush Life
70.3%
DesiignerPanda
70.3%
Shawn MendesTreat You Better
70.3%
twenty one pilotsHeathens
70.3%
Justin TimberlakeCan't Stop The Feeling!
67.6%
DJ Snake (feat. Justin Bieber)Let Me Love You
67.6%
Ariana Grande (feat. Nicki Minaj)Side To Side
67.6%
The Weeknd (feat. Daft Punk)Starboy
67.6%
One DirectionHistory
64.9%
Cheat Codes & Kris Kross AmsterdamSex
64.9%
The Chainsmokers (feat. Daya)Don't Let Me Down
64.9%
Bruno Mars24K Magic
64.9%
Little MixShout Out To My Ex
64.9%
ColdplayHymn For The Weekend
62.2%
Alan WalkerFaded
62.2%
PrincePurple Rain
62.2%
Clean Bandit (feat. Louisa Johnson)Tears
62.2%
AdeleSend My Love (To Your New Lover)
62.2%
NeikedSexual
62.2%
Artist Song Title % Correct
Little Mix (feat. Jason Derulo)Secret Love Song
59.5%
Tinie Tempah (feat. Zara Larsson)Girls Like
59.5%
Sia (feat. Kendrick Lamar)The Greatest
59.5%
AdeleWhen We Were Young
56.8%
Calvin Harris (feat. Rihanna)This Is What You Came For
56.8%
Martin Garrix & Bebe RexhaIn The Name Of Love
56.8%
James ArthurSay You Won't Let Go
56.8%
Hailee Steinfeld & Grey (feat. Zedd)Starving
56.8%
Rag'n'Bone ManHuman
56.8%
Snakehips (feat. Tinashe & Chance The Rapper)All My Friends
54.1%
Niall HoranThis Town
54.1%
Rae Sremmurd (feat. Gucci Mane)Black Beatles
54.1%
Little MixTouch
54.1%
Drake (feat. Rihanna)Too Good
51.4%
Kush vs. Cookin' On 3 BurnersThis Girl
51.4%
Jonas Blue (feat. JP Cooper)Perfect Strangers
51.4%
Calvin HarrisMy Way
51.4%
Zara LarssonI Would Like
51.4%
Major Lazer (feat. Nyla)Light It Up
48.6%
Gnash (feat. Olivia O'Brien)I Hate U, I Love U
48.6%
Louis Tomlinson & Steve AokiJust Hold On
48.6%
GalantisNo Money
45.9%
Kent JonesDon't Mind
45.9%
DrakeFake Love
45.9%
Maroon 5 (feat. Kendrick Lamar)Don't Wanna Know
45.9%
Lady GagaPerfect Illusion
43.2%
99 Souls (feat. Destiny's Child & Brandy)Girl Is Mine
37.8%
DJ Snake (feat. Bipolar Sunshine)Middle
37.8%
The Weeknd (feat. Daft Punk)I Feel It Coming
37.8%
Matt TerryWhen Christmas Comes Around
32.4%
Sigala (feat. John Newman & Nile Rodgers)Give Me Your Love
29.7%
Craig David & Big NarstieWhen The Bassline Drops
24.3%
Sigala (feat. Imani & DJ Fresh)Say You Do
21.6%
The Stone RosesBeautiful Thing
8.1%

You're not logged in!

Compare scores with friends on all Sporcle quizzes.
Join for Free
OR
Log In

You Might Also Like...

Show Comments

Extras

Top Quizzes Today


Score Distribution

Your Account Isn't Verified!

In order to create a playlist on Sporcle, you need to verify the email address you used during registration. Go to your Sporcle Settings to finish the process.

Report this User

Report this user for behavior that violates our Community Guidelines.

Details: